Conoce tu biblia. / (Record no. 44523)
[ view plain ]
| 000 -CABECERA | |
|---|---|
| campo de control de longitud fija | 00479nam a2200145 a 4500 |
| 001 - NÚMERO DE CONTROL | |
| campo de control | 000045034 |
| 005 - FECHA Y HORA DE LA ÚLTIMA TRANSACCIÓN | |
| campo de control | 20201002045824.0 |
| 008 - DATOS DE LONGITUD FIJA--INFORMACIÓN GENERAL | |
| campo de control de longitud fija | 150129s199u xxu 000 0 spa d |
| 040 ## - FUENTE DE LA CATALOGACIÓN | |
| Centro catalogador/agencia de origen | DO-SdBNP |
| Lengua de catalogación | spa |
| Centro/agencia transcriptor | BNPHU |
| 100 1# - ENTRADA PRINCIPAL--NOMBRE DE PERSONA | |
| Nombre de persona | Cannan Graves, Helen |
| 9 (RLIN) | 73036 |
| 245 10 - MENCIÓN DE TÍTULO | |
| Título | Conoce tu biblia. / |
| Mención de responsabilidad, etc. | Helen Cannan Graves; traducción, Floreal Ureta. |
| 260 ## - PUBLICACIÓN, DISTRIBUCIÓN, ETC. | |
| Lugar de publicación, distribución, etc. | El Paso, Texas, EE. UU. : |
| Nombre del editor, distribuidor, etc. | Casa bautista de publicaciones. |
| 300 ## - DESCRIPCIÓN FÍSICA | |
| Extensión | 116 p. ; |
| Dimensiones | 17 cm. |
| 700 1# - PUNTO DE ACCESO ADICIONAL--NOMBRE DE PERSONA | |
| Nombre de persona | Ureta, Floreal |
| Término indicativo de función/relación | trad. |
| 9 (RLIN) | 38378 |
| Estado de retiro | Estado de pérdida | Restricciones de uso | No para préstamo | Código de colección | Localización permanente | Ubicación/localización actual | Ubicación en estantería | Fecha de adquisición | Número de inventario | Total de préstamos | Signatura topográfica completa | Código de barras | Fecha visto por última vez | Precio válido a partir de | Tipo de ítem Koha | Número de copia |
|---|---|---|---|---|---|---|---|---|---|---|---|---|---|---|---|---|
| Excluido de préstamo | Monografías: Libros y Folletos | General | General | En catalogación | 29.01.2015 | LF1 | 45034-10 | 25.06.2020 | 25.06.2020 | No se presta | ||||||
| Excluido de préstamo | Monografías: Libros y Folletos | General | General | En catalogación | 29.01.2015 | LF1 | 45034-20 | 25.06.2020 | 25.06.2020 | No se presta | e. 2 | |||||
| Monografías: Libros y Folletos | Patrimonio Dominicano | Patrimonio Dominicano | Orden iniciada | 29.01.2015 | LF1 | 45035-10 | 25.06.2020 | 25.06.2020 | No se presta |
